| 000 | 00505nam a22001817a 4500 | ||
|---|---|---|---|
| 003 | OSt | ||
| 008 | 260623b |||||||| |||| 00| 0 eng d | ||
| 020 | _a9783030192419 | ||
| 082 |
_a639.977 _bS41F |
||
| 100 | _aSchwevers, Ulrich | ||
| 245 | _aFish Protection Technologies and Fish Ways for Downstream Migration | ||
| 260 |
_aSwitzerland _bSpringer Nature _c2020 |
||
| 300 | _axiv. 279 p. | ||
| 650 | _aFish protection | ||
| 650 | _aFish Ways | ||
| 650 | _aFish Downstream Migration | ||
| 942 |
_2ddc _cBK |
||
| 999 |
_c52218 _d52218 |
||